Good Order At Sea; (Record no. 210978)

MARC details
000 -LEADER
fixed length control field 00634nam a22002057a 4500
005 - DATE AND TIME OF LATEST TRANSACTION
control field 20250416142728.0
010 ## - LCCN (DPL NO)
LC control number ENG-144644
020 ## - INTERNATIONAL STANDARD BOOK NUMBER
International Standard Book Number 9789385883613
Terms of availability 1195.00
035 ## - SYSTEM CONTROL NUMBER
System control number EN-128176
037 ## - SOURCE OF ACQUISITION
Source of stock number/acquisition DBAD
082 ## - DEWEY DECIMAL CLASSIFICATION NUMBER
Classification number 551.46
Edition number 1
245 ## - TITLE STATEMENT
Title Good Order At Sea;
Remainder of title Indian Perspective/
Statement of responsibility, etc Adluri Subramanyam Raju
260 ## - PUBLICATION, DISTRIBUTION, ETC. (IMPRINT)
Place of publication, distribution, etc Delhi
Name of publisher, distributor, etc Studera Press
Date of publication, distribution, etc 2018
270 ## - ADDRESS
Address 1586/113, FF, Tri Nagar,
City Delhi
Postal code 110035
Electronic mail address info@studerapress.com
300 ## - PHYSICAL DESCRIPTION
Extent 217p.
Dimensions 24cm.(hb)
490 ## - SERIES STATEMENT
Volume number/sequential designation vol 1
500 ## - GENERAL NOTE
General note Stories of vedanta monks
700 ## - ADDED ENTRY--PERSONAL NAME
Personal name Raju Subramanyam Adluri
9 (RLIN) 76691
942 ## - ADDED ENTRY ELEMENTS (KOHA)
Source of classification or shelving scheme Dewey Decimal Classification
Item type English Books
Classification part 551.46
Call number suffix RAJ
Edition 1
Holdings
Withdrawn status Lost status Not for loan Collection code Home library Current library Date acquired Source of acquisition Cost, normal purchase price Full call number Barcode Copy number Cost, replacement price Koha item type
      Non-fiction Janak Puri Janak Puri 16/04/2025 DBAD 1195.00 551.46 RAJ EN-128176 1 1195.00 English Books

© Delhi Public Library
Hit Counter
free hit counter